Manual práctico de actuación ante la justicia (Registro nro. 380)

Detalles MARC
000 -LEADER
fixed length control field 00963 a2200205 4500
001 - CONTROL NUMBER
control field 3871
005 - DATE AND TIME OF LATEST TRANSACTION
control field 20260407155431.0
008 - FIXED-LENGTH DATA ELEMENTS--GENERAL INFORMATION
fixed length control field 260407a1970 arg spa d
003 - CONTROL NUMBER IDENTIFIER
control field AR-UNSa-BCEJYS
040 ## - CATALOGING SOURCE
Original cataloging agency AR-UNSa-BCEJYS
Language of cataloging spa
Transcribing agency AR-UNSa-BCEJYS
080 ## - UNIVERSAL DECIMAL CLASSIFICATION NUMBER
Universal Decimal Classification number 347.931
Common auxiliary subdivision Escritos procesales. Forma, redacción, formalidades escritas
100 1# - MAIN ENTRY--PERSONAL NAME
Personal name Jöld, Carlos
245 10 - TITLE STATEMENT
Title Manual práctico de actuación ante la justicia
Name of part/section of a work escritos y contratos
250 ## - EDITION STATEMENT
Edition statement 3a. ed.
264 #1 - PRODUCTION, PUBLICATION, DISTRIBUTION, MANUFACTURE, AND COPYRIGHT NOTICE
Place of production, publication, distribution, manufacture Buenos Aires :
Name of producer, publisher, distributor, manufacturer Abeledo Perrot
Date of production, publication, distribution, manufacture, or copyright notice 1970
300 ## - PHYSICAL DESCRIPTION
Extent 2 v.
Dimensions 23 cm.
505 ## - FORMATTED CONTENTS NOTE
Formatted contents note Vol. I: 1. Actuación ante la justicia de primera instancia - 2. El juicio sumario -- Vol. II: 3. Procesos sumario y sumarísimo - 4. Procesos especiales - 5. Intervención de terceros - 6. Los recursos - 7. Actuación en segunda instancia - 8. Actuación ante la justicia nacional del trabajo - 9. Los contratos y actos de uso mas frecuente
590 ## - LOCAL NOTE (RLIN)
Local note niveau_biblio:m niveau_hierar:0
942 ## - ADDED ENTRY ELEMENTS (KOHA)
Koha item type
Existencias
Withdrawn status Lost status Damaged status Not for loan Home library Current library Shelving location Date acquired Total checkouts Full call number Barcode Date last seen Price effective from Koha item type
        Biblioteca Prof. Eusebio Cleto del Rey Biblioteca Prof. Eusebio Cleto del Rey   07/04/2026   347.931 J75 v.1 3ed. L22170 07/04/2026 07/04/2026 Libro
        Biblioteca Prof. Eusebio Cleto del Rey Biblioteca Prof. Eusebio Cleto del Rey   07/04/2026   347.931 J75 v.1 3ed. L22172 07/04/2026 07/04/2026 Libro
        Biblioteca Prof. Eusebio Cleto del Rey Biblioteca Prof. Eusebio Cleto del Rey   07/04/2026   347.931 J75 v.2 3ed. L22171 07/04/2026 07/04/2026 Libro
        Biblioteca Prof. Eusebio Cleto del Rey Biblioteca Prof. Eusebio Cleto del Rey   07/04/2026   347.931 J75 v.2 3ed. L22173 07/04/2026 07/04/2026 Libro
        Biblioteca Prof. Eusebio Cleto del Rey Biblioteca Prof. Eusebio Cleto del Rey   07/04/2026   347.931 J75 v.1 3ed. L87246 07/04/2026 07/04/2026 Libro
        Biblioteca Prof. Eusebio Cleto del Rey Biblioteca Prof. Eusebio Cleto del Rey   07/04/2026   347.931 J75 v.2 3ed. L87247 07/04/2026 07/04/2026 Libro